Guess the Taylor Swift Song (no hints) 165 - Statistics

General Stats
  • This quiz has been taken 56 times
  • The average score is 205 of 295
Answer Stats
Answer % Correct
I
100%
the
100%
The
100%
a
97%
it
97%
all
95%
and
95%
And
95%
me
95%
me'
95%
no
95%
on
95%
to
95%
you
95%
You
95%
you,
95%
be
89%
do
89%
in
89%
It's
89%
it's
89%
of
89%
then
89%
your
89%
so
87%
So
87%
too
87%
like
84%
that
84%
Was
84%
was
84%
we
84%
but
82%
But
82%
I've
82%
know,
82%
one
82%
where
82%
'Cause
79%
They
79%
time,
79%
what
79%
I'd
76%
With
76%
Had
74%
had
74%
never
74%
Now
74%
off
74%
Were
74%
'don't
71%
got
71%
see,
71%
been
68%
can
68%
can't
68%
out,
68%
out
68%
every
66%
get
63%
has
63%
over
63%
day
61%
here
61%
still
61%
Still
61%
how
58%
last
58%
hands
55%
Once
55%
did,
50%
knows,
50%
long
50%
pocket,
50%
amount
47%
clean
47%
gets
47%
around
45%
drop
45%
God
45%
meant
45%
pockets
45%
rain
45%
burned
42%
freedom
42%
lived,
42%
really
42%
right
42%
Shouldn't
42%
wish
42%
best
39%
found
39%
met
39%
Reminds
39%
reminds
39%
tears
39%
used
39%
change
37%
find
37%
Held
37%
held
37%
learned
37%
lost
37%
old
37%
part
37%
die
34%
grin
34%
leave
34%
myself
34%
pavement
34%
traded
34%
cried
32%
dollar
32%
June
32%
turn
32%
wasted
32%
way
32%
worst
32%
dried
29%
spent
29%
watched
29%
air
26%
bathroom
26%
child
26%
roads
26%
scratch
26%
smiled,
26%
stalls
26%
Swore
26%
walls
26%
breath
24%
breathe
24%
county
24%
graffiti
24%
lied,
24%
melted
24%
stones,
24%
'em
21%
muddy
21%
stain,
21%
tires
21%
underneath
21%
No matching quizzes found
Score Distribution
Percent of People with Each Score
Percentile by Number Answered
Your Score History
You have not taken this quiz